Čs. ekonomika v roce 1992.

Východiskovým problémom r. 1992 bude hlboký pokles tempa ekonomického rastu. Postupne sa bude presúvať dopyt na zahraničné výrobky. Malý rast nominálnych miezd a vysoké ceny vytvárajú dopytovú bariéru. Nepodarilo sa prebudiť rozvojové sily. Musí sa pristúpiť k aktívnejšej hospodárskej politike a k i...

Descrizione completa

Salvato in:
Dettagli Bibliografici
Autore principale: Ungerman, J.
Natura: Capitolo di libro
Lingua:ceco
Soggetti:
Tags: Aggiungi Tag
Nessun Tag, puoi essere il primo ad aggiungerne!!

MARC

LEADER 00000naa a2200000 4500
001 r007740
005 20220831084614.7
041 0 |a cze 
044 |a [CS] 
245 1 0 |a Čs. ekonomika v roce 1992.  |c J. Ungerman 
520 |a Východiskovým problémom r. 1992 bude hlboký pokles tempa ekonomického rastu. Postupne sa bude presúvať dopyt na zahraničné výrobky. Malý rast nominálnych miezd a vysoké ceny vytvárajú dopytovú bariéru. Nepodarilo sa prebudiť rozvojové sily. Musí sa pristúpiť k aktívnejšej hospodárskej politike a k intenzívnejšej ochrane vnútorného trhu. 
610 2 0 |a tempo rastu hospodárskeho 
610 2 0 |a ČSFR 
610 2 0 |a 1992 
610 2 0 |a dopyt 
610 2 0 |a mzdy nominálne 
610 2 0 |a zvyšovanie cien 
610 2 0 |a politika hospodárska 
610 2 0 |a trh vnútorný 
610 2 0 |a protekcionizmus 
610 2 0 |a dovoz 
610 2 0 |a hospodárstvo národné 
100 1 |a Ungerman, J.